[Event "Scottish op"]
[Site "Dunfermline"]
[Date "2025.07.12"]
[Round "8"]
[White "Woods, Yannick"]
[Black "Sharma, Devesh"]
[Result "1/2-1/2"]
[WhiteElo "1995"]
[BlackElo "1906"]
[PlyCount "49"]
[EventDate "2025.07.07"]
[EventType "swiss"]
[EventRounds "9"]
[EventCountry "SCO"]
[SourceTitle "CB29_2025"]
[SourceDate "2025.07.16"]
[SourceVersion "1"]
[SourceVersionDate "2025.07.16"]
[SourceQuality "1"]

1. e4 c5 2. Nf3 e6 3. d4 cxd4 4. Nxd4 Nf6 5. Nc3 Nc6 6. Ndb5 Bb4 7. a3 Bxc3+ 8. Nxc3 d5 9. exd5 Nxd5 10. Nxd5 Qxd5 11. Qxd5 exd5 12. Bf4 Bf5 13. 0-0-0 0-0-0 14. Bd3 Bxd3 15. Rxd3 Rhe8 16. Rhd1 Re2 17. Bg3 d4 18. b4 b5 19. R1d2 Rxd2 20. Kxd2 Kb7 21. Rf3 f6 22. Rf5 a6 23. Kd3 Ne7 24. Rc5 Nc6 25. h4 1/2-1/2

[Event "Scottish op"]
[Site "Dunfermline"]
[Date "2025.07.10"]
[Round "5"]
[White "Clark, Eve"]
[Black "Woods, Yannick"]
[Result "0-1"]
[WhiteElo "1734"]
[BlackElo "1995"]
[PlyCount "56"]
[EventDate "2025.07.07"]
[EventType "swiss"]
[EventRounds "9"]
[EventCountry "SCO"]
[SourceTitle "CB29_2025"]
[SourceDate "2025.07.16"]
[SourceVersion "1"]
[SourceVersionDate "2025.07.16"]
[SourceQuality "1"]

1. d4 Nf6 2. c4 e6 3. Nc3 Bb4 4. f3 c5 5. d5 b5 6. e4 d6 7. Bd3 0-0 8. Nge2 bxc4 9. Bxc4 Nxd5 10. Bxd5 exd5 11. Qxd5 Be6 12. Qg5 f6 13. Qg3 d5 14. exd5 Bxd5 15. 0-0 Bc4 16. Bh6 Qe7 17. Rfe1 Qf7 18. a3 Ba5 19. Rac1 Nc6 20. Red1 Rfe8 21. Rd2 Rxe2 22. Rxe2 Bxc3 23. Rec2 Bd4+ 24. Kh1 Bb3 25. Rd2 Re8 26. Bf4 Kh8 27. h4 Qg6 28. Re1 Kg8 0-1

[Event "Scottish op"]
[Site "Dunfermline"]
[Date "2025.07.10"]
[Round "6"]
[White "Woods, Yannick"]
[Black "Bozinakis, Pavlos"]
[Result "1/2-1/2"]
[WhiteElo "1995"]
[BlackElo "2273"]
[PlyCount "135"]
[EventDate "2025.07.07"]
[EventType "swiss"]
[EventRounds "9"]
[EventCountry "SCO"]
[SourceTitle "CB29_2025"]
[SourceDate "2025.07.16"]
[SourceVersion "1"]
[SourceVersionDate "2025.07.16"]
[SourceQuality "1"]

1. e4 e5 2. Nf3 Nc6 3. Bb5 a6 4. Ba4 Nf6 5. 0-0 d6 6. Re1 b5 7. Bb3 Na5 8. d4 Nxb3 9. axb3 Bb7 10. d5 Be7 11. b4 0-0 12. b3 c6 13. c4 cxd5 14. exd5 a5 15. Bd2 axb4 16. Rxa8 Qxa8 17. Bxb4 Re8 18. Na3 bxc4 19. bxc4 Ba6 20. Qa4 Bf8 21. Ra1 Qc8 22. Ba5 Nd7 23. Nb5 Nc5 24. Qb4 Bxb5 25. cxb5 Qb7 26. Qc4 Rb8 27. b6 Ra8 28. Ne1 Qa6 29. Qxa6 Rxa6 30. Nc2 Nb7 31. Bb4 Rxb6 32. Ra8 Nc5 33. Kf1 Nd3 34. Ba3 Nf4 35. Nb4 g5 36. g3 Ng6 37. Nc6 Kg7 38. Rd8 e4 39. Bxd6 Bxd6 40. Rxd6 Ne5 41. Nd4 Rxd6 42. Nf5+ Kg6 43. Nxd6 f5 44. h3 h5 45. Ke2 g4 46. hxg4 Nxg4 47. f3 exf3+ 48. Kxf3 Nf6 49. Kf4 Nxd5+ 50. Ke5 Ne3 51. Kf4 Ng2+ 52. Ke5 Ne3 53. Kf4 Nd5+ 54. Ke5 Ne7 55. Ke6 Kg5 56. Kxe7 f4 57. gxf4+ Kxf4 58. Nc4 h4 59. Nd2 Kg3 60. Nf1+ Kf2 61. Nh2 Kg2 62. Ng4 Kg3 63. Ne3 h3 64. Kf6 Kf3 65. Nf1 Kg2 66. Ne3+ Kf3 67. Nf1 Kg2 68. Ne3+ 1/2-1/2

[Event "Scottish op"]
[Site "Dunfermline"]
[Date "2025.07.07"]
[Round "1"]
[White "Woods, Yannick"]
[Black "McDonald, Angus"]
[Result "1-0"]
[WhiteElo "1995"]
[BlackElo "1742"]
[PlyCount "45"]
[EventDate "2025.07.07"]
[EventType "swiss"]
[EventRounds "9"]
[EventCountry "SCO"]
[SourceTitle "CB29_2025"]
[SourceDate "2025.07.16"]
[SourceVersion "1"]
[SourceVersionDate "2025.07.16"]
[SourceQuality "1"]

1. e4 e5 2. Nf3 d6 3. d4 exd4 4. Nxd4 g6 5. Nc3 Bg7 6. Be3 Ne7 7. Bc4 0-0 8. Qd2 Nbc6 9. 0-0-0 Nxd4 10. Bxd4 Bxd4 11. Qxd4 Nc6 12. Qe3 Ne5 13. Bb3 Be6 14. f4 Bxb3 15. axb3 Nd7 16. h4 h5 17. g4 Nf6 18. gxh5 Nxh5 19. f5 a5 20. Qh6 Ng7 21. h5 g5 22. f6 Ne6 23. Rhg1 1-0

[Event "Drogheda Thomson op"]
[Site "Drogheda"]
[Date "2025.06.02"]
[Round "5"]
[White "Woods, Yannick"]
[Black "Gallagher, Brian1"]
[Result "1/2-1/2"]
[WhiteElo "2055"]
[BlackElo "1864"]
[PlyCount "50"]
[EventDate "2025.05.31"]
[EventType "swiss"]
[EventRounds "6"]
[EventCountry "IRL"]
[SourceTitle "CB23_2025"]
[SourceDate "2025.06.04"]
[SourceVersion "1"]
[SourceVersionDate "2025.06.04"]
[SourceQuality "1"]

1. e4 c5 2. Nf3 d6 3. d4 cxd4 4. Nxd4 Nf6 5. Nc3 a6 6. Rg1 e5 7. Nb3 Be6 8. g4 d5 9. exd5 Nxd5 10. Nxd5 Qxd5 11. Qxd5 Bxd5 12. Be3 Nc6 13. 0-0-0 0-0-0 14. Bb6 Rd7 15. Nc5 Bxc5 16. Bxc5 Rhd8 17. Bb6 Bf3 18. Rxd7 Rxd7 19. Bg2 Bxg2 20. Rxg2 f6 21. Rg3 Nb4 22. Bc5 Nd5 23. Rd3 Nf4 24. Rxd7 Kxd7 25. Kd2 Kc6 1/2-1/2

[Event "Drogheda Thomson op"]
[Site "Drogheda"]
[Date "2025.06.01"]
[Round "4"]
[White "Kholyavko, Kirill"]
[Black "Woods, Yannick"]
[Result "1/2-1/2"]
[WhiteElo "1950"]
[BlackElo "2055"]
[PlyCount "69"]
[EventDate "2025.05.31"]
[EventType "swiss"]
[EventRounds "6"]
[EventCountry "IRL"]
[SourceTitle "CB23_2025"]
[SourceDate "2025.06.04"]
[SourceVersion "1"]
[SourceVersionDate "2025.06.04"]
[SourceQuality "1"]

1. e4 c5 2. Nc3 Nc6 3. g3 g6 4. Bg2 Bg7 5. d3 d6 6. Be3 Rb8 7. Nge2 b5 8. Qd2 b4 9. Nd1 Nd4 10. 0-0 e6 11. Rb1 Ne7 12. Nxd4 cxd4 13. Bh6 0-0 14. Bxg7 Kxg7 15. f4 f5 16. Nf2 Qb6 17. a3 a5 18. axb4 axb4 19. c3 fxe4 20. dxe4 Ba6 21. Rfd1 bxc3 22. bxc3 Qxb1 23. Rxb1 Rxb1+ 24. Nd1 Nc6 25. cxd4 Nb4 26. f5 gxf5 27. exf5 Rxf5 28. g4 Rf8 29. Be4 Rf1+ 30. Kg2 Rbxd1 31. Qxb4 Rf4 32. Qxd6 Rxe4 33. Qe7+ Kg6 34. Qe8+ Kh6 35. Qf8+ 1/2-1/2

[Event "Enniscrone Sligo op-A"]
[Site "Enniscrone"]
[Date "2025.01.31"]
[Round "1"]
[White "Woods, Yannick"]
[Black "Palao, Adriana"]
[Result "1-0"]
[WhiteElo "1874"]
[BlackElo "1942"]
[PlyCount "97"]
[EventDate "2025.01.31"]
[EventType "swiss"]
[EventRounds "5"]
[EventCountry "IRL"]
[SourceTitle "CB06_2025"]
[SourceDate "2025.02.05"]
[SourceVersion "1"]
[SourceVersionDate "2025.02.05"]
[SourceQuality "1"]

1. d4 Nf6 2. c4 e6 3. Nf3 Bb4+ 4. Nbd2 b6 5. a3 Bxd2+ 6. Qxd2 Bb7 7. e3 0-0 8. b4 Ne4 9. Qc2 f5 10. Bb2 d6 11. Be2 Nd7 12. d5 exd5 13. cxd5 Bxd5 14. 0-0 Ndf6 15. Rfd1 Bb7 16. Rac1 Rc8 17. Nd4 Qe8 18. f3 Ng5 19. Nxf5 d5 20. Qc3 Qe6 21. Qe5 Rfe8 22. Qxe6+ Rxe6 23. h4 Nf7 24. b5 Ne5 25. a4 Kf7 26. Kf2 Ned7 27. Nd4 Ree8 28. Ba3 Ne5 29. Rc2 c5 30. bxc6 Bxc6 31. Nf5 Bxa4 32. Rxc8 Rxc8 33. Nd6+ Ke6 34. Rd4 Rc2 35. Rxa4 Nd3+ 36. Kf1 Nc1 37. Bd1 Rc6 38. Nb5 Kf7 39. Rxa7+ Kg6 40. Nd4 Rc4 41. Bc2+ Kh5 42. Bxc1 g6 43. Bd2 b5 44. Bd3 Rc8 45. Bxb5 Kxh4 46. Rf7 Nh5 47. g4 Ng3+ 48. Kg2 h5 49. Be1 1-0

[Event "IRL-ch 103rd"]
[Site "Dublin"]
[Date "2024.08.11"]
[Round "9"]
[White "Renji, Rafael Ninan"]
[Black "Woods, Yannick"]
[Result "0-1"]
[WhiteElo "1920"]
[BlackElo "1876"]
[PlyCount "58"]
[EventDate "2024.08.03"]
[EventType "swiss"]
[EventRounds "9"]
[EventCountry "IRL"]
[SourceTitle "CBM 221 Extra"]
[Source "ChessBase"]
[SourceDate "2024.09.30"]
[SourceVersion "1"]
[SourceVersionDate "2024.09.30"]
[SourceQuality "1"]

1. b3 c5 2. Bb2 Nc6 3. e3 d5 4. Nf3 Nf6 5. d4 Bg4 6. Be2 e6 7. 0-0 cxd4 8. Nxd4 Bxe2 9. Qxe2 Rc8 10. Rd1 Nxd4 11. Bxd4 Qc7 12. Nd2 Bd6 13. h3 e5 14. Bb2 0-0 15. c4 Qa5 16. a4 Rfd8 17. Rac1 Bb8 18. cxd5 Rxc1 19. Rxc1 Qxd5 20. Nc4 b5 21. axb5 Qxb5 22. Qc2 h6 23. Ra1 Re8 24. Ra5 Qc6 25. Qd3 e4 26. Qd2 Qb7 27. Bxf6 Qxb3 28. Qe2 Qb1+ 29. Qf1 Bh2+ 0-1

[Event "IRL-ch 103rd"]
[Site "Dublin"]
[Date "2024.08.06"]
[Round "4"]
[White "Ivanov, Andrey A2"]
[Black "Woods, Yannick"]
[Result "1/2-1/2"]
[WhiteElo "1942"]
[BlackElo "1876"]
[PlyCount "50"]
[EventDate "2024.08.03"]
[EventType "swiss"]
[EventRounds "9"]
[EventCountry "IRL"]
[SourceTitle "CBM 221 Extra"]
[Source "ChessBase"]
[SourceDate "2024.09.30"]
[SourceVersion "1"]
[SourceVersionDate "2024.09.30"]
[SourceQuality "1"]

1. d4 Nf6 2. c4 e6 3. Nf3 d5 4. g3 c6 5. Bg2 Nbd7 6. 0-0 dxc4 7. Nbd2 b5 8. Ne5 Nxe5 9. dxe5 Nd5 10. Ne4 Bb7 11. Nd6+ Bxd6 12. exd6 e5 13. a4 a6 14. axb5 axb5 15. Rxa8 Bxa8 16. Qd2 f5 17. g4 f4 18. e4 fxe3 19. fxe3 Qxd6 20. Qa5 Bb7 21. Qa7 Qc7 22. Qc5 Qe7 23. Qa7 Qc7 24. Qc5 Qe7 25. Qa7 Qc7 1/2-1/2

[Event "Scottish op"]
[Site "Dunfermline"]
[Date "2024.07.11"]
[Round "5"]
[White "Srivastava, Aditya"]
[Black "Woods, Yannick"]
[Result "0-1"]
[WhiteElo "1867"]
[BlackElo "1784"]
[PlyCount "88"]
[EventDate "2024.07.08"]
[EventType "swiss"]
[EventRounds "9"]
[EventCountry "SCO"]
[SourceTitle "CBM 221 Extra"]
[Source "ChessBase"]
[SourceDate "2024.09.30"]
[SourceVersion "1"]
[SourceVersionDate "2024.09.30"]
[SourceQuality "1"]

1. d4 Nf6 2. Bf4 b6 3. Nf3 Bb7 4. e3 g6 5. Nbd2 Bg7 6. a4 a6 7. a5 b5 8. c4 d6 9. Be2 0-0 10. 0-0 bxc4 11. Bxc4 h6 12. h3 Nbd7 13. b4 Nd5 14. Bxd5 Bxd5 15. Rb1 Bc6 16. Qc2 Bb5 17. Rfc1 Rc8 18. Nc4 c5 19. Na3 c4 20. Nxb5 axb5 21. Kf1 Qc7 22. Qe4 Nf6 23. Qc2 Nd5 24. Bg3 c3 25. Qd3 Qc4 26. Qxc4 Rxc4 27. Rb3 Rfc8 28. e4 Nxb4 29. Ke2 Na2 30. Rc2 Nb4 31. Rc1 Nc6 32. Rxb5 Bxd4 33. Kd3 Ne5+ 34. Bxe5 dxe5 35. Nxe5 Ra4 36. Rc2 f6 37. Nxg6 Kf7 38. Nf4 Be5 39. Ne2 Rd8+ 40. Ke3 Ra3 41. Rc5 h5 42. f4 Bb8 43. R5xc3 Ba7+ 44. Kf3 Rd3+ 0-1

[Event "Scottish op"]
[Site "Dunfermline"]
[Date "2024.07.10"]
[Round "4"]
[White "Woods, Yannick"]
[Black "McDonald, Angus"]
[Result "1-0"]
[WhiteElo "1784"]
[BlackElo "1921"]
[PlyCount "41"]
[EventDate "2024.07.08"]
[EventType "swiss"]
[EventRounds "9"]
[EventCountry "SCO"]
[SourceTitle "CBM 221 Extra"]
[Source "ChessBase"]
[SourceDate "2024.09.30"]
[SourceVersion "1"]
[SourceVersionDate "2024.09.30"]
[SourceQuality "1"]

1. e4 e5 2. Nf3 Nc6 3. Bb5 Bc5 4. 0-0 d6 5. c3 a6 6. Bxc6+ bxc6 7. d4 exd4 8. cxd4 Bb6 9. Bg5 f6 10. Bh4 Bg4 11. Re1 Qd7 12. Na3 g5 13. Bg3 h5 14. Nc4 h4 15. Bxd6 Bxf3 16. Qxf3 Bxd4 17. Rad1 g4 18. Qf4 Bxf2+ 19. Qxf2 0-0-0 20. Qa7 Qh7 21. Qa8+ 1-0

[Event "Scottish op"]
[Site "Dunfermline"]
[Date "2024.07.08"]
[Round "1"]
[White "Bhatia, Kanishka"]
[Black "Woods, Yannick"]
[Result "1-0"]
[WhiteElo "1900"]
[BlackElo "1784"]
[PlyCount "33"]
[EventDate "2024.07.08"]
[EventType "swiss"]
[EventRounds "9"]
[EventCountry "SCO"]
[SourceTitle "CBM 221 Extra"]
[Source "ChessBase"]
[SourceDate "2024.09.30"]
[SourceVersion "1"]
[SourceVersionDate "2024.09.30"]
[SourceQuality "1"]

1. e4 c5 2. c3 d5 3. exd5 Qxd5 4. d4 Nc6 5. Nf3 Bf5 6. Be3 cxd4 7. cxd4 Bxb1 8. Qxb1 e5 9. dxe5 Bb4+ 10. Bd2 Rc8 11. Qd3 Bxd2+ 12. Qxd2 Qe4+ 13. Be2 Nxe5 14. 0-0 Rc2 15. Bb5+ Ke7 16. Qg5+ Nf6 17. Rfe1 1-0

[Event "EU-ch Schools U13"]
[Site "Limerick"]
[Date "2024.06.06"]
[Round "8"]
[White "Woods, Yannick"]
[Black "Zhu, Pengxiao"]
[Result "0-1"]
[WhiteElo "1938"]
[BlackElo "2033"]
[PlyCount "70"]
[EventDate "2024.05.31"]
[EventType "swiss"]
[EventRounds "9"]
[EventCountry "IRL"]
[SourceTitle "CBM 220 Extra"]
[Source "ChessBase"]
[SourceDate "2024.07.31"]
[SourceVersion "1"]
[SourceVersionDate "2024.07.31"]
[SourceQuality "1"]

1. c4 c6 2. d4 d5 3. Nf3 Nf6 4. Nc3 e6 5. e3 Nbd7 6. Qc2 Bd6 7. b3 0-0 8. Bb2 Re8 9. Be2 e5 10. dxe5 Nxe5 11. cxd5 cxd5 12. 0-0 Bd7 13. Rac1 Rc8 14. Qb1 Bc6 15. Nd4 Bb8 16. Rfd1 Ng6 17. g3 h5 18. Bf3 h4 19. Nc2 hxg3 20. hxg3 Ne5 21. Bg2 Rc7 22. Nd4 Rd7 23. Rd2 Nfg4 24. Rcd1 Qf6 25. Nf5 g6 26. Nd4 Qh8 27. Nc2 Qh2+ 28. Kf1 d4 29. Bxc6 dxc3 30. Bxd7 cxd2 31. Bxg4 Nxg4 32. Ke2 Qxf2+ 33. Kd3 Nxe3 34. Rxd2 Qf5+ 35. Kc3 Rc8+ 0-1

[Event "EU-ch Schools U13"]
[Site "Limerick"]
[Date "2024.06.05"]
[Round "7"]
[White "Verlekar, Vivaan"]
[Black "Woods, Yannick"]
[Result "0-1"]
[WhiteElo "1774"]
[BlackElo "1938"]
[PlyCount "170"]
[EventDate "2024.05.31"]
[EventType "swiss"]
[EventRounds "9"]
[EventCountry "IRL"]
[SourceTitle "CBM 220 Extra"]
[Source "ChessBase"]
[SourceDate "2024.07.31"]
[SourceVersion "1"]
[SourceVersionDate "2024.07.31"]
[SourceQuality "1"]

1. e4 c5 2. Nf3 Nc6 3. d4 cxd4 4. Nxd4 e5 5. Nb3 Nf6 6. Bg5 Be7 7. Bxf6 Bxf6 8. Nc3 0-0 9. Bc4 d6 10. 0-0 Bg5 11. Qe2 Kh8 12. Rad1 Be6 13. Nb5 Be7 14. Bxe6 fxe6 15. Qc4 a6 16. Nc3 Rf6 17. a3 Rc8 18. Qd3 b5 19. Na2 Qb6 20. c3 a5 21. Nd2 Rcf8 22. Qe2 d5 23. exd5 exd5 24. Nf3 e4 25. Nd4 Bc5 26. Qd2 Ne5 27. h3 Nd3 28. Nc1 Rxf2 29. Rxf2 Rxf2 30. Qe3 Qg6 31. Qxf2 Nxf2 32. Kxf2 b4 33. axb4 axb4 34. Nce2 bxc3 35. bxc3 Qa6 36. Rd2 Qa3 37. Rc2 Qb3 38. Kg3 Bd6+ 39. Kf2 Qc4 40. Kg1 g5 41. Kf2 h5 42. Kg1 Kh7 43. Kf2 Qd3 44. Kg1 g4 45. hxg4 hxg4 46. Rc1 Qe3+ 47. Kh1 g3 48. Rb1 Qh6+ 49. Kg1 Qh2+ 50. Kf1 Qh1+ 51. Ng1 Bf4 52. Rb7+ Kg6 53. Rb6+ Kf7 54. Rb7+ Kf6 55. Rb6+ Ke7 56. Rb7+ Kd6 57. Rb6+ Kc7 58. Rc6+ Kb7 59. Rg6 Be3 60. Nde2 Qh5 61. Rxg3 Qf5+ 62. Ke1 Bf2+ 63. Kd1 Bxg3 64. Nxg3 Qf2 65. N1e2 Qxg2 66. Kd2 Qf3 67. Ke1 Kb6 68. Kd2 Kc5 69. Ke1 Kc4 70. Kd2 Qf2 71. Kc2 Qe3 72. Kd1 Kd3 73. Ke1 Qf3 74. Kd1 Qf2 75. Nc1+ Kxc3 76. Nge2+ Kc4 77. Kc2 d4 78. Kb1 d3 79. Nc3 Qc2+ 80. Ka1 Qxc3+ 81. Kb1 Qc2+ 82. Ka1 Qxc1+ 83. Ka2 Qd2+ 84. Ka3 e3 85. Ka4 Qa2# 0-1

[Event "EU-ch Schools U13"]
[Site "Limerick"]
[Date "2024.06.02"]
[Round "3"]
[White "Unsal, Gorkem"]
[Black "Woods, Yannick"]
[Result "1-0"]
[WhiteElo "1969"]
[BlackElo "1938"]
[PlyCount "59"]
[EventDate "2024.05.31"]
[EventType "swiss"]
[EventRounds "9"]
[EventCountry "IRL"]
[SourceTitle "CBM 220 Extra"]
[Source "ChessBase"]
[SourceDate "2024.07.31"]
[SourceVersion "1"]
[SourceVersionDate "2024.07.31"]
[SourceQuality "1"]

1. e4 c5 2. Nf3 Nc6 3. Bb5 e6 4. 0-0 Nge7 5. d4 cxd4 6. Nxd4 Ng6 7. Be3 Qc7 8. Nc3 Nxd4 9. Qxd4 Bd6 10. g3 Be5 11. Qd2 a6 12. Be2 0-0 13. f4 Bxc3 14. bxc3 b5 15. a4 Bb7 16. axb5 axb5 17. Bf3 d5 18. exd5 Bxd5 19. Bxd5 Rxa1 20. Rxa1 exd5 21. Bd4 Rc8 22. Qe2 Qc4 23. Qe3 Nf8 24. f5 Qc6 25. Ra7 Re8 26. Qg5 Qh6 27. Qxh6 gxh6 28. Rb7 f6 29. Bxf6 Re2 30. Rg7+ 1-0

[Event "Bodensee op"]
[Site "Bregenz"]
[Date "2024.05.04"]
[Round "1"]
[White "Schunk, Thomas"]
[Black "Woods, Yannick"]
[Result "1-0"]
[WhiteElo "2147"]
[BlackElo "1937"]
[PlyCount "77"]
[EventDate "2024.05.04"]
[EventType "swiss"]
[EventRounds "9"]
[EventCountry "AUT"]
[SourceTitle "CBM 220 Extra"]
[Source "ChessBase"]
[SourceDate "2024.07.31"]
[SourceVersion "1"]
[SourceVersionDate "2024.07.31"]
[SourceQuality "1"]

1. c4 e6 2. g3 d5 3. Bg2 Nf6 4. Nf3 b6 5. 0-0 Bb7 6. b3 Be7 7. Bb2 0-0 8. Qc2 c5 9. cxd5 Nxd5 10. a3 Nc6 11. e3 Rc8 12. Nc3 Bf6 13. Rfd1 Qe7 14. Rac1 Rfd8 15. Qb1 Nxc3 16. dxc3 c4 17. b4 b5 18. Qc2 Be5 19. Nd4 Bxd4 20. exd4 Nb8 21. Re1 Bxg2 22. Kxg2 Qb7+ 23. f3 Nd7 24. Qe4 Qc7 25. Rc2 Nf6 26. Qh4 Rd5 27. Bc1 Rf5 28. g4 Rd5 29. Bg5 Nd7 30. Rce2 f6 31. Bc1 e5 32. g5 f5 33. g6 hxg6 34. Qe7 Nf8 35. Qxc7 Rxc7 36. Rxe5 Rcd7 37. Bg5 Nh7 38. h4 Nxg5 39. hxg5 1-0

[Event "Cambridge op 2nd"]
[Site "Cambridge"]
[Date "2024.02.21"]
[Round "5"]
[White "Hutchinson, Paul A"]
[Black "Woods, Yannick"]
[Result "1/2-1/2"]
[WhiteElo "2005"]
[BlackElo "1817"]
[PlyCount "148"]
[EventDate "2024.02.19"]
[EventType "swiss"]
[EventRounds "9"]
[EventCountry "ENG"]
[SourceTitle "CBM 218 Extra"]
[Source "ChessBase"]
[SourceDate "2024.03.31"]
[SourceVersion "1"]
[SourceVersionDate "2024.03.31"]
[SourceQuality "1"]

1. d4 Nf6 2. c4 g6 3. Nc3 Bg7 4. Bg5 d6 5. e3 0-0 6. Be2 Nbd7 7. Nf3 c6 8. Qc2 Qc7 9. 0-0 h6 10. Bh4 Re8 11. Rfd1 g5 12. Bg3 Nh5 13. Rac1 Nxg3 14. hxg3 Nf6 15. b4 e5 16. c5 dxc5 17. bxc5 e4 18. Ne5 Be6 19. Bc4 Bd5 20. Qb3 Rad8 21. Rb1 Re7 22. Bxd5 Nxd5 23. Nc4 Bf8 24. Nd6 Nxc3 25. Qxc3 b5 26. Qc2 a6 27. Nxe4 Re6 28. g4 Rde8 29. Nd2 Bg7 30. Nf1 Re4 31. f3 R4e7 32. d5 cxd5 33. Rxd5 Re5 34. Rbd1 Bf8 35. c6 Rxd5 36. Rxd5 Rc8 37. Qf5 Qxc6 38. Ng3 Re8 39. Ne4 Re6 40. Kf2 Qc2+ 41. Rd2 Qc6 42. Qd5 Qxd5 43. Rxd5 Rc6 44. Ke2 Bb4 45. Kd3 Kf8 46. Ng3 Ke7 47. Nf5+ Ke6 48. Rd4 Rc3+ 49. Ke4 Bc5 50. Rd2 a5 51. Nd4+ Bxd4 52. Kxd4 Rc4+ 53. Kd3 Kd5 54. g3 b4 55. Rb2 Rc3+ 56. Kd2 Kc4 57. f4 a4 58. f5 Rd3+ 59. Ke2 b3 60. axb3+ axb3 61. Rb1 Rd6 62. e4 Kc3 63. Rc1+ Kb2 64. Rc5 Ka2 65. Ra5+ Kb1 66. e5 Rd7 67. e6 fxe6 68. fxe6 Re7 69. Ra6 b2 70. Kd2 Rc7 71. Rb6 Ka2 72. Ra6+ Kb3 73. Rb6+ Ka2 74. Ra6+ Kb3 1/2-1/2

[Event "Cambridge op 2nd"]
[Site "Cambridge"]
[Date "2024.02.19"]
[Round "1"]
[White "Asgarova, Turan Nizami Qizi"]
[Black "Woods, Yannick"]
[Result "1-0"]
[WhiteElo "1988"]
[BlackElo "1817"]
[PlyCount "125"]
[EventDate "2024.02.19"]
[EventType "swiss"]
[EventRounds "9"]
[EventCountry "ENG"]
[SourceTitle "CBM 218 Extra"]
[Source "ChessBase"]
[SourceDate "2024.03.31"]
[SourceVersion "1"]
[SourceVersionDate "2024.03.31"]
[SourceQuality "1"]

1. e4 c5 2. Nf3 d6 3. d4 cxd4 4. Nxd4 Nf6 5. Nc3 e6 6. Be2 Nc6 7. Be3 Be7 8. 0-0 0-0 9. f4 e5 10. Nxc6 bxc6 11. fxe5 dxe5 12. Qe1 Be6 13. Qg3 Qc7 14. Rad1 Rfd8 15. Bh6 Ne8 16. Kh1 Kh8 17. Be3 Rab8 18. b3 Nf6 19. Bf3 Qa5 20. Na4 Rxd1 21. Rxd1 Rd8 22. Rxd8+ Bxd8 23. h3 Bb6 24. Nxb6 axb6 25. a4 Qc3 26. Bxb6 Nxe4 27. Qh4 Nf6 28. Bd8 Ng8 29. a5 f5 30. Bh5 Qxc2 31. a6 Bd5 32. Qg3 Qa2 33. Bc7 Qxa6 34. Bxe5 Qb7 35. b4 Qe7 36. Kh2 Nf6 37. Bxf6 Qxf6 38. Qb8+ Bg8 39. Bf3 h6 40. b5 cxb5 41. Bd5 Kh7 42. Bxg8+ Kg6 43. Qe8+ Kg5 44. Qe3+ f4 45. Qc5+ Qf5 46. Qxf5+ Kxf5 47. Kg1 g5 48. Bh7+ Ke5 49. Kf2 h5 50. Kf3 Kf6 51. Bc2 Ke5 52. Bg6 b4 53. Bxh5 Kf6 54. Ke4 b3 55. Kd3 b2 56. Kc2 b1Q+ 57. Kxb1 f3 58. Bxf3 Kf5 59. Kc2 Kf4 60. Kd3 Kg3 61. Ke4 Kh4 62. Kf5 g4 63. hxg4 1-0

[Event "Arber op 10th"]
[Site "Bodenmais"]
[Date "2023.08.12"]
[Round "8"]
[White "Schmitz, Tim"]
[Black "Woods, Yannick"]
[Result "1/2-1/2"]
[WhiteElo "1888"]
[BlackElo "1710"]
[PlyCount "23"]
[EventDate "2023.08.05"]
[EventType "swiss"]
[EventRounds "9"]
[EventCountry "GER"]
[SourceTitle "EXT 2024"]
[Source "ChessBase"]
[SourceDate "2023.10.10"]
[SourceVersion "1"]
[SourceVersionDate "2023.10.10"]
[SourceQuality "1"]

1. e4 c5 2. c3 Nf6 3. e5 Nd5 4. d4 cxd4 5. Nf3 e6 6. cxd4 b6 7. Bd3 Bb7 8. 0-0 d6 9. Nc3 Nxc3 10. bxc3 Qc7 11. Bf4 Nd7 12. Qe2 1/2-1/2

[Event "EU-ch U12 30th"]
[Site "Antalya"]
[Date "2022.11.08"]
[Round "3"]
[White "Haug, Havard"]
[Black "Woods, Yannick"]
[Result "1/2-1/2"]
[WhiteElo "2098"]
[BlackElo "1671"]
[PlyCount "70"]
[EventDate "2022.11.06"]
[EventType "swiss"]
[EventRounds "9"]
[EventCountry "TUR"]
[SourceTitle "EXT 2024"]
[Source "ChessBase"]
[SourceDate "2023.10.10"]
[SourceVersion "1"]
[SourceVersionDate "2023.10.10"]
[SourceQuality "1"]

1. e4 e5 2. Nc3 Nf6 3. f4 d5 4. fxe5 Nxe4 5. Qf3 Nxc3 6. bxc3 c5 7. Ne2 Nc6 8. d4 Be6 9. g3 Qb6 10. Qd3 Rc8 11. Nf4 cxd4 12. Nxe6 fxe6 13. cxd4 Nxd4 14. Kd1 Nxc2 15. Qb5+ Qxb5 16. Bxb5+ Kd8 17. Rb1 Na3 18. Bxa3 Bxa3 19. Rf1 Ke7 20. Rf4 Rhf8 21. Bd3 Rc7 22. Rb3 Rxf4 23. gxf4 Bc1 24. f5 Bf4 25. fxe6 Kxe6 26. Bxh7 Kxe5 27. h3 g5 28. Bc2 Kd4 29. Ra3 a6 30. Rb3 Bd6 31. Rd3+ Kc4 32. Rd2 d4 33. Bb3+ Kc5 34. Rc2+ Kb4 35. Rxc7 Bxc7 1/2-1/2